| 000 | 00342nam a2200145Ia 4500 | ||
|---|---|---|---|
| 100 | _aBhar/B.K | ||
| 650 | _aCost Accounting | ||
| 942 | _cBK | ||
| 366 | _f15 | ||
| 654 | _acost accounting | ||
| 245 | _aCost Accounting:Methods and problems | ||
| 260 |
_bAcademic Publsihers _aMumbai _c2005 |
||
| 082 |
_a657.42/BHA _bBHA |
||
| 546 | _aENGLISH | ||
| 999 |
_c25118 _d25118 |
||